[Event "Maresme op 16th"]
[Site "Maresme"]
[Date "2019.10.19"]
[Round "3"]
[White "Garcia Argemi, Josep"]
[Black "Olleta Tanya, Jordi"]
[Result "1-0"]
[WhiteElo "1691"]
[BlackElo "1391"]
[PlyCount "71"]
[EventDate "2019.09.29"]
[EventType "swiss"]
[EventRounds "8"]
[EventCountry "ESP"]
[SourceTitle "CBM 193 Extra"]
[Source "ChessBase"]
[SourceDate "2020.01.31"]
[SourceVersion "1"]
[SourceVersionDate "2020.01.31"]
[SourceQuality "1"]

1. Nf3 g6 2. d4 d5 3. g3 Bg7 4. Bg2 Nf6 5. 0-0 c6 6. Bg5 h6 7. Bxf6 Bxf6 8. Qd2 Bf5 9. Nc3 Nd7 10. Rfe1 Bg7 11. Rad1 0-0 12. Nh4 Bg4 13. h3 Be6 14. e4 Nb6 15. b3 Qd7 16. Kh2 Kh7 17. f4 f5 18. exf5 Bxf5 19. Nxf5 Rxf5 20. h4 Qd6 21. Bh3 Rf6 22. Re2 Re8 23. Rde1 Rf7 24. Qd3 e5 25. dxe5 Qf8 26. h5 Kh8 27. Qxg6 Nc8 28. Be6 Rc7 29. Bxc8 Rexc8 30. f5 Qf7 31. f6 Bf8 32. e6 Qxg6 33. hxg6 Bd6 34. e7 Bxe7 35. Rxe7 Rxe7 36. Rxe7 1-0

[Event "Mataro Vinas Memorial 12th"]
[Site "Mataro"]
[Date "2016.04.09"]
[Round "1"]
[White "Garcia Argemi, Josep"]
[Black "Duran Gutierrez, Juan Luis"]
[Result "0-1"]
[WhiteElo "1900"]
[BlackElo "1895"]
[PlyCount "52"]
[EventDate "2016.04.09"]
[EventType "swiss"]
[EventRounds "9"]
[EventCountry "ESP"]
[SourceTitle "EXT 2017"]
[Source "ChessBase"]
[SourceDate "2016.10.25"]
[SourceVersion "1"]
[SourceVersionDate "2016.10.25"]
[SourceQuality "1"]

1. Nf3 Nf6 2. d4 g6 3. c4 c5 4. d5 b5 5. cxb5 a6 6. bxa6 Bg7 7. Nc3 Bxa6 8. g3 d6 9. Bg2 0-0 10. 0-0 Nbd7 11. Bg5 h6 12. Bxf6 Nxf6 13. Qd2 Qa5 14. Rfb1 Rfb8 15. a3 Rb3 16. Ne1 Ng4 17. Qc2 Rab8 18. Nd3 Bxd3 19. exd3 Bd4 20. Nd1 Nxf2 21. Nxf2 Rxb2 22. Qc1 Bxf2+ 23. Kf1 Bd4 24. Qe1 Qxe1+ 25. Rxe1 Rf2+ 26. Kg1 Rbb2 0-1